| 000 | 01285pam a2200433 i 4500 | ||
|---|---|---|---|
| 001 | vtls000765901 | ||
| 003 | PNM | ||
| 005 | 20200714151937.0 | ||
| 008 | 150312s2015 my g a000 j may | ||
| 015 | _aM15-06650 | ||
| 020 |
_a9789670869285 _qpaperback _cRM25.00 |
||
| 039 | 9 |
_a201508191034 _banis_o _c201508181615 _dmarsila _c201507301051 _daznah _c201507301048 _daznah |
|
| 040 |
_aBNM _beng _cBNM _dPNM _dPPAK _erda |
||
| 049 | _aklpmal | ||
| 082 | 0 | 4 |
_a899.233010803 _223 |
| 090 | 0 | 0 |
_a899.233010803 _bTIR _dG |
| 100 | 0 |
_aTiras Raduan, _eauthor. _qSiti Salbiah Raduan |
|
| 245 | 1 | 0 |
_aKumpulan Cerpen : _bSegara Lazuardi / _cTiras Raduan |
| 264 | 1 |
_aKuala Lumpur : _bInstitut Terjemahan & Buku Malaysia, _c2015 |
|
| 300 |
_ax, 156 pages ; _c19 cm |
||
| 336 |
_atext _2rdacontent |
||
| 337 |
_aunmediated _2rdamedia |
||
| 338 |
_avolume _2rdacarrier |
||
| 650 | 1 | 0 | _aShort stories, Malay |
| 650 | 2 | 0 | _aMalaysian fiction (Malay) |
| 942 |
_2ddc _cB |
||
| 949 |
_62000473819 _aTIR M |
||
| 949 |
_62000473810 _aTIR M |
||
| 949 | _61001316193 | ||
| 949 | _61001316194 | ||
| 949 | _61001316195 | ||
| 949 | _61001316196 | ||
| 949 | _61001316197 | ||
| 949 | _61001316198 | ||
| 949 | _61001316199 | ||
| 949 | _61001316200 | ||
| 949 | _61001316201 | ||
| 949 | _61001316202 | ||
| 999 |
_c178195 _d178195 |
||